The repair and maintenance of houses, with illustrations to chapter 1 by E Moira Stephenson and the remaining illustrations by the author (Record no. 86887)

MARC details
000 -LEADER
fixed length control field 00616cam a2200193 4500
008 - FIXED-LENGTH DATA ELEMENTS--GENERAL INFORMATION
fixed length control field 090401t1973 xxu||||| |||| 00| 0 eng d
020 ## - INTERNATIONAL STANDARD BOOK NUMBER
International Standard Book Number 0900361433
035 ## - SYSTEM CONTROL NUMBER
System control number (Sirsi) u11663
041 ## - LANGUAGE CODE
Language code of text/sound track or separate title eng
050 ## - LIBRARY OF CONGRESS CALL NUMBER
Classification number 690.24
100 ## - MAIN ENTRY--PERSONAL NAME
Personal name Melville, Ian Alexander
245 #4 - TITLE STATEMENT
Title The repair and maintenance of houses, with illustrations to chapter 1 by E Moira Stephenson and the remaining illustrations by the author
260 ## - PUBLICATION, DISTRIBUTION, ETC.
Place of publication, distribution, etc. London
Name of publisher, distributor, etc. Estates Gazette
Date of publication, distribution, etc. 1973
300 ## - PHYSICAL DESCRIPTION
Extent xxi. 1050p. ill. plans. 22cm. bibl. p.1027-1029. index
350 ## - PRICE (NR) (BK AM CF MU VM SE) [OBSOLETE]
Price 7.5
700 ## - ADDED ENTRY--PERSONAL NAME
Personal name Gordon, Ian A.
942 ## - ADDED ENTRY ELEMENTS (KOHA)
Suppress in OPAC 0
948 ## - LOCAL PROCESSING INFORMATION (OCLC); SERIES PART DESIGNATOR (RLIN)
c (OCLC) 04/03/1997
Holdings
Withdrawn status Lost status Source of classification or shelving scheme Damaged status Not for loan Home library Current library Shelving location Date acquired Cost, normal purchase price Total Checkouts Full call number Barcode Date last seen Copy number Cost, replacement price Price effective from Koha item type
    Dewey Decimal Classification     London London Basement 14/09/1999 7.50   SHELF 132 30020821 06/08/2019 1 7.50 06/08/2019 Book